00635nam a2200169 a 450000100100000000500170001000800410002702000150006804000250008308200140010810000340012224501020015626000500025830000280030895201120033699900170044800003639420200930075716.0120116s1987 sp a 000 0 spa d a8476053525 aDO-SdBNPbspacBNPHU axxxbJ91d1 aJuall Carpenito, Lynda96259210aDiagnóstico de enfermería :bAplicación a la práctica clínica /cLynda Juall Carpenito. aMadrid :bInteramericanabMcGraw-Hill,c1987. a554 p. :bil. ;c24 cm. 001050718MOaGRbGRcCTd2012-01-16iLF1l0oxxx J91dp36395-10r2020-06-25w2020-06-25y1ZNo se presta c35885d35885